000 00677nam a22002177a 4500
003 UA-OsUOA
001 137308
007 ta
008 20190513b un ||||| |||| 00| 0 ukr d
100 _aТерещенко Ю.
090 _a94(477)
_bТ35
942 _cSA
040 _aUA-OsUOA
_bukr
_cUA-OsUOA
_dUA-OsUOA
245 _aСлаветні князі з ХV століття. Династія Олельковичів і спроба реанімації Старокиївської держави
300 _aС.20
955 _a0
041 _aukr
080 _a94(477)
773 0 _w137307
650 7 _a9 Географія. Біографії. Історія
_2UDC
999 _c417966
_d417966